000 00718nam a2200181 i 4500
001 151609
003 ES-MaACL
005 20230906204305.0
008 040920s1875 sp |||| | spa d
040 _aCAM
_bspa
_cCAM
110 2 _aAteneo de Vitoria.
_91848
245 1 0 _aMemoria leída en la sesión inaugural del Ateneo de Vitoria el dia 21 de octubre en el curso de 1875 a 1876 /
_cpor el Secretario general Guillermo Montoya.
260 _aVitoria :
_b[s.n.,
_c1875?]
300 _a10, [1] p. ;
_c21 cm.
610 2 4 _aAteneo de Vitoria-
_vMemorias.
_9151231
700 1 _aMontoya, Guillermo.
_9130115
852 _aES-MaACL
_jT-208-F-12
_z-- Enc. hol.
_q-- Falto de la cub. original
_z-- Enc. en un vol. facticio
999 _c151609
_d151609